Casa con dos puertas, mala es de guardar /
Shranjeno v:
| Glavni avtor: | |
|---|---|
| Format: | Knjiga |
| Jezik: | španščina |
| Izdano: |
Buenos Aires, Argentina :
Espasa-Calpe,
1942, c1942
|
| Serija: | (Austral ;
289) |
| Teme: | |
| Oznake: |
Brez oznak, prvi označite!
|
MARC
| LEADER | 00000nam^a2200000^a^4500 | ||
|---|---|---|---|
| 001 | 000360581 | ||
| 005 | 20250521000000.0 | ||
| 009 | 20260310115428.131 | ||
| 037 | |a Acervo Xavier Clavigero | ||
| 041 | |a ESP | ||
| 082 | |a 808. |b AUS V. 289 | ||
| 100 | |a Calderón de la Barca, Pedro |e (autor) | ||
| 240 | 1 | 1 | |a [Casa con dos puertas, mala es de guardar] |
| 240 | 1 | 4 | |a [El mágico prodigioso] |
| 245 | 1 | 0 | |a Casa con dos puertas, mala es de guardar / |c P. Calderón de la Barca. |
| 264 | 4 | |a Buenos Aires, Argentina : |b Espasa-Calpe, |c 1942, c1942 | |
| 300 | |a 186 p. | ||
| 336 | |a texto |b txt |2 rdacontenido | ||
| 337 | |a sin mediación |b n |2 rdamedio | ||
| 338 | |a volumen |b nc |2 rdasoporte | ||
| 440 | 1 | |a (Austral ; |v 289) | |
| 545 | 0 | |a Pedro Calderón de la Barca (1600-1681), escritor español nacido en Madrid. Considerado una figura importante del Siglo de Oro de la literatura española, fue un gran cultivador del género dramático, cuya producción abarca más de cien comedias y más de setenta autos sacramentales. Se educó en un colegio jesuita y continuó sus estudios en las universidades de Alcalá y Salamanca. Fue soldado en la juventud y consagrado sacerdote en 1651. Su pensamiento filosófico y teológico atraviesa su creación literaria mediante los temas del desengaño, el honor, las pasiones, lo efímero y lo espiritual. Entre sus obras se encuentran Amor, honor y poder (1623), El príncipe constante (1629), El mágico prodigioso (1637), El médico de su honra (1635), El alcalde de Zalamea (1640), La vida es sueño (1636), El gran teatro del mundo (1636), entre otros. | |
| 649 | |a XX | ||
| 650 | |a Comedia Española | ||
| 650 | |a Teatro Español | ||
| 650 | |a Literatura Española - |y Siglo XVII | ||
| 650 | |a Literatura Española - |y Epoca Clásica, 1500-1700 | ||
| 650 | |a Literatura Barroca - |z España | ||
| 740 | 3 | |a El mágico prodigioso / |c P. Calderón de la Barca. | |
| 910 | |a Fondo General | ||
| 920 | |a Impresos - Libros | ||
| 930 | |a Colección General | ||
| 940 | |a Literatura | ||
| 905 | |a 101 | ||
| 901 | |a 007438 |b IT1 |c LIT |u 20250521 | ||
| 902 | |a https://opac.biblio.iteso.mx/vufind/Record/000360581 | ||